Study of land celiing measures and their impact in Assam with special reference to Golapare District (Record no. 21265)

MARC details
000 -LEADER
fixed length control field 00772nam a2200229Ia 4500
082 ## - DEWEY DECIMAL CLASSIFICATION NUMBER
Classification number TS.0849
100 ## - MAIN ENTRY--AUTHOR NAME
Personal name Sheikh, Ahijuddin
245 #0 - TITLE STATEMENT
Title Study of land celiing measures and their impact in Assam with special reference to Golapare District
260 ## - PUBLICATION, DISTRIBUTION, ETC. (IMPRINT)
Year of publication 1994
Name of publisher Gauhati University
300 ## - PHYSICAL DESCRIPTION
Number of Pages 416p.
650 ## - SUBJECT ADDED ENTRY--TOPICAL TERM
Topical Term LAND REFORM///LAND USE, RURAL
650 ## - SUBJECT ADDED ENTRY--TOPICAL TERM
Topical Term LAND REFORM///SOCIAL POLICY
650 ## - SUBJECT ADDED ENTRY--TOPICAL TERM
Topical Term CEILING OF LAND HOLDINGS - ASSAM - GOALPARA DISTRICT
650 ## - SUBJECT ADDED ENTRY--TOPICAL TERM
Topical Term LAND HOLDINGS, CEILING OF//CEILING OF LAND HOLDINGS
650 ## - SUBJECT ADDED ENTRY--TOPICAL TERM
Topical Term LAND REFORM - ASSAM - GOALPARA DISTRICT
650 ## - SUBJECT ADDED ENTRY--TOPICAL TERM
Topical Term ECONOMIC POLICY
650 ## - SUBJECT ADDED ENTRY--TOPICAL TERM
Topical Term LAND USE, RURAL
650 ## - SUBJECT ADDED ENTRY--TOPICAL TERM
Topical Term SOCIAL POLICY
650 ## - SUBJECT ADDED ENTRY--TOPICAL TERM
Topical Term LAND REFORM///ECONOMIC POLICY
710 ## - ADDED ENTRY--CORPORATE NAME
Corporate name or jurisdiction name as entry element Choudhury, R.K.
942 ## - ADDED ENTRY ELEMENTS (KOHA)
Koha item type Thesis
Source of classification or shelving scheme Dewey Decimal Classification
Holdings
Withdrawn status Lost status Damaged status Not for loan Home library Current library Date acquired Bill Date Full call number Accession Number Price effective from Koha item type
        NASSDOC Library NASSDOC Library 08/10/2004 2008-12-30 TS.0849 35592 18/04/2019 Thesis